000 01461nam0a2200361 i 4500
001 RU\NLR\BIBL_A\011096050
005 20260406101555.0
021 _aRU
_b2016-21300
_91349
035 _a(NILC)RuMoRGB-008247519
035 _a(NLR Aleph) 011096050
090 _a11392220
_c11392220
100 _a20160404d2015 u y0rusy50 ca
101 0 _arus
102 _aRU
105 _ay|||z|||000yy
200 1 _aТопалов, Грищук, Карякин, Свидлер, Дин Лижэнь
_fЛеонов В.А.
210 _aНижний Новгород
_cИздательский салон
_d2015
215 _a47 с.
_d14
606 1 _aШахматные партии
_91913658
_3RU\NLR\AUTH\661161441
675 _a796/799
686 1 _aЧ515.811.1
700 1 _8rus
_7ca
_aЛеонов
_bВ. А.
_cпопуляризатор
_gВладимир Афанасьевич
_3RU\NLR\AUTH\7780540
_963468
701 1 _aКарякин
_bС.А.
_f1990-
_gСергей Александрович
_4570
702 1 _aТопалов
_bВ.
_f1975-
_gВеселин
_4570
702 1 _aГрищук
_bА.И.
_f1983-
_gАлександр Игоревич
_4570
702 1 _aСвидлер
_bП.В.
_f1976-
_gПетр Вениаминович
_4570
702 0 _aДин Лижень
_f1992-
_4570
801 0 _aRU
_bРГБ
_c20160317
_gRCR
801 1 _aRU
_bРГБ
_c20160317
_2rusmarc
942 _cBOOK
980 _aNBR